000 00338nam a22001457a 4500
003 SGT
082 _a615.7
_bP12A
100 _aMOHAMMED ALI
245 _aTEXT BOOK OF PHARMACETICAL CHEMISTRY
260 _aNEW DELHI
_bC. B. S. PUB
_c2012
300 _a314
650 _a PHARMACETICAL CHEMISTRY
653 _aCHEMISTRY
942 _2ddc
_cBK
999 _c23855
_d23855